Waste recovery and recycle targets (Record no. 73132)
[ view plain ]
| 000 -LEADER | |
|---|---|
| fixed length control field | 01050cam a2200217 4500 |
| 001 - CONTROL NUMBER | |
| control field | WB3929-20 |
| 008 - FIXED-LENGTH DATA ELEMENTS--GENERAL INFORMATION | |
| fixed length control field | 030730n2003 000 0 eng u |
| 035 ## - SYSTEM CONTROL NUMBER | |
| System control number | (Sirsi) u123149 |
| 245 ## - TITLE STATEMENT | |
| Title | Waste recovery and recycle targets |
| 260 ## - PUBLICATION, DISTRIBUTION, ETC. | |
| Date of publication, distribution, etc. | 2003 |
| 490 ## - SERIES STATEMENT | |
| Series statement | DEFRA News Release |
| Volume/sequential designation | (315/03) 29 July 2003, (3) |
| 520 ## - SUMMARY, ETC. | |
| Summary, etc. | Department for the Environment, Food and Rural Affairs publishes proposals to set UK businesses new targets for the recovery and recycling of packaging waste. The paper suggests proposed revisions to the business recovery and recycle targets for packaging this area for the next 4 years. The proposed EU targets are 60% for overall recovery of packaging waste and 55% for overall recycling. For the Defra News Release: http://www.defra.gov.uk/news/2003/030729a.htm |
| 590 ## - LOCAL NOTE (RLIN) | |
| Local note | WB |
| 650 ## - SUBJECT ADDED ENTRY--TOPICAL TERM | |
| Topical term or geographic name entry element | RECYCLING |
| 650 ## - SUBJECT ADDED ENTRY--TOPICAL TERM | |
| Topical term or geographic name entry element | WASTE RECOVERY |
| 650 ## - SUBJECT ADDED ENTRY--TOPICAL TERM | |
| Topical term or geographic name entry element | PACKAGING WASTE REGULATIONS |
| 650 ## - SUBJECT ADDED ENTRY--TOPICAL TERM | |
| Topical term or geographic name entry element | METAL RECYCLING |
| 650 ## - SUBJECT ADDED ENTRY--TOPICAL TERM | |
| Topical term or geographic name entry element | BUSINESS RECOVERY |
| 690 ## - LOCAL SUBJECT ADDED ENTRY--TOPICAL TERM (OCLC, RLIN) | |
| Topical term or geographic name as entry element | ENVIRONMENTAL AND LAND CONSULTANCY-WASTE MANAGEMENT |
| 942 ## - ADDED ENTRY ELEMENTS (KOHA) | |
| Suppress in OPAC | 0 |
| Withdrawn status | Lost status | Source of classification or shelving scheme | Damaged status | Not for loan | Home library | Current library | Shelving location | Date acquired | Total Checkouts | Full call number | Barcode | Date last seen | Copy number | Price effective from | Koha item type |
|---|---|---|---|---|---|---|---|---|---|---|---|---|---|---|---|
| Dewey Decimal Classification | London | London | News article | 30/07/2003 | WB3929-20 | 123149-1001 | 06/08/2019 | 1 | 06/08/2019 | News article |